Statistics for Terrible Country Spellings Accepted by JetPunk #1

Click here to take the quiz!

General Stats

  • This quiz has been taken 5,478 times
  • The average score is 18 of 20

Answer Stats

Accepted SpellingCorrect Spelling% Correct
gahnaGhana
99%
portigelPortugal
99%
ecaudorEcuador
98%
afganestanAfghanistan
97%
venazeulaVenezuela
97%
djabuotiDjibouti
96%
adjerbeaidzanAzerbaijan
95%
thebahamiesBahamas
95%
thehondureoaisHonduras
94%
berkeenafassoBurkina Faso
93%
equetorealgiuneaEquatorial Guinea
93%
manicoMonaco
93%
erretriaEritrea
91%
tajkmenistanTajikistan
91%
leeihctchenstienLiechtenstein
89%
moooritisMauritius
87%
cotedeiviooreIvory Coast
86%
kazzyxbqrkjfzstanKazakhstan
84%
kirguatemalastanKyrgyzstan
76%
barboodaAntigua and Barbuda
51%

Score Distribution

Percentile by Number Answered

Percent of People with Each Score

Your Score History

You have not taken this quiz